<?xml version="1.0" encoding="UTF-8"?>
<record
    xmlns:xsi="http://www.w3.org/2001/XMLSchema-instance"
    xsi:schemaLocation="http://www.loc.gov/MARC21/slim http://www.loc.gov/standards/marcxml/schema/MARC21slim.xsd"
    xmlns="http://www.loc.gov/MARC21/slim">

  <leader>01720nam a2200289 a 4500</leader>
  <controlfield tag="001">000000432184</controlfield>
  <controlfield tag="003">IT-MiSPE</controlfield>
  <controlfield tag="005">20240627150300.0</controlfield>
  <controlfield tag="008">180320s2017    vc            001 u ita d</controlfield>
  <datafield tag="020" ind1=" " ind2=" ">
    <subfield code="a">9788846511676</subfield>
    <subfield code="c">16.00 EUR</subfield>
  </datafield>
  <datafield tag="040" ind1=" " ind2=" ">
    <subfield code="a">IT-MiSPE</subfield>
    <subfield code="b">ita</subfield>
    <subfield code="d">IT-MiSPE</subfield>
    <subfield code="c">IT-MiSPE</subfield>
  </datafield>
  <datafield tag="041" ind1=" " ind2=" ">
    <subfield code="a">ita</subfield>
  </datafield>
  <datafield tag="082" ind1=" " ind2=" ">
    <subfield code="a">212-MES le pr (axa 23330)</subfield>
  </datafield>
  <datafield tag="100" ind1="1" ind2=" ">
    <subfield code="a">Messinese, Leonardo,</subfield>
    <subfield code="d">1955-</subfield>
    <subfield code="e">autore.</subfield>
    <subfield code="9">60822</subfield>
  </datafield>
  <datafield tag="245" ind1="1" ind2="3">
    <subfield code="a">Il problema di Dio nella filosofia moderna /</subfield>
    <subfield code="c">Leonardo Messinese.</subfield>
  </datafield>
  <datafield tag="250" ind1=" " ind2=" ">
    <subfield code="a">Nuova ed. riveduta e ampliata</subfield>
  </datafield>
  <datafield tag="260" ind1=" " ind2=" ">
    <subfield code="a">Citt&#xE0; del Vaticano :</subfield>
    <subfield code="b">Lateran University Press,</subfield>
    <subfield code="c">&#xA9;2017.</subfield>
  </datafield>
  <datafield tag="300" ind1=" " ind2=" ">
    <subfield code="a">85 p. ;</subfield>
    <subfield code="c">24 cm</subfield>
  </datafield>
  <datafield tag="490" ind1="1" ind2=" ">
    <subfield code="a">Dialogo di filosofia ;</subfield>
    <subfield code="v">028</subfield>
  </datafield>
  <datafield tag="504" ind1=" " ind2=" ">
    <subfield code="a">Contiene riferimenti bibliografici e indice</subfield>
  </datafield>
  <datafield tag="520" ind1=" " ind2=" ">
    <subfield code="a">La tesi principale attorno alla quale si articola il libro &#xE8; che nel pensiero moderno il discorso su Dio non &#xE8; semplicemente un "tema", ma si costituisce come un "problema", in relazione all'assunto cartesiano del "problema della conoscenza" come pregiudiziale. Sotto tale aspetto la filosofia kantiana e quella hegeliana si presentano come due diverse soluzioni rispetto al "problema di Dio". Kant ha il merito di cogliere l'aporia di fondo che caratterizza le "dimostrazioni razionalistiche" dell'esistenza di Dio e Hegel quello di ripristinare la teologia filosofica eliminando la separazione moderna tra il "pensiero" e l'"essere", ossia il presupposto ch'&#xE8; comune al razionalismo (nonch&#xE9; all'empirismo) e allo stesso Kant.</subfield>
  </datafield>
  <datafield tag="655" ind1=" " ind2="7">
    <subfield code="a">Filosofia. Teologia naturale</subfield>
    <subfield code="x">Dio: attributi ed altri problemi.</subfield>
    <subfield code="2">local</subfield>
    <subfield code="9">60823</subfield>
  </datafield>
  <datafield tag="830" ind1=" " ind2="0">
    <subfield code="a">Dialogo di filosofia ;</subfield>
    <subfield code="v">028.</subfield>
    <subfield code="9">60824</subfield>
  </datafield>
  <datafield tag="942" ind1=" " ind2=" ">
    <subfield code="2">ddc</subfield>
    <subfield code="c">BK</subfield>
  </datafield>
  <datafield tag="999" ind1=" " ind2=" ">
    <subfield code="c">360153</subfield>
    <subfield code="d">360155</subfield>
  </datafield>
  <datafield tag="952" ind1=" " ind2=" ">
    <subfield code="0">0</subfield>
    <subfield code="1">0</subfield>
    <subfield code="2">ddc</subfield>
    <subfield code="4">0</subfield>
    <subfield code="6">212MES_LE_PR_AXA_23330</subfield>
    <subfield code="7">1</subfield>
    <subfield code="a">CINISELLO</subfield>
    <subfield code="b">CINISELLO</subfield>
    <subfield code="d">2024-06-27</subfield>
    <subfield code="l">0</subfield>
    <subfield code="o">212-MES le pr (axa 23330)</subfield>
    <subfield code="p">9788846511676</subfield>
    <subfield code="r">2024-06-27 15:03:37</subfield>
    <subfield code="w">2024-06-27</subfield>
    <subfield code="y">BK</subfield>
  </datafield>
</record>
